000 01401cam a2200301 a 4500
005 20031230185550.0
008 940308s1993 enkab b 001 0 eng
010 _aENG-101685 B-425315-316
020 _c395.00
_a9788184000795
035 _aEN-85218 B-425315-316
037 _bDBAD/PUB
037 _bRBC/VEN
040 _adpl
_bEng
082 _aS
100 1 _922405
_aMadhvani, Manubhai
245 1 0 _aTide of fortune :
_cby Manubhai Madhvani [and] Giles Foden
_ba family tale/
260 _aNoida
_bRandom House India
_c2009
270 _aMind Mill Corporate Tower, 2nd Floor, Plot No 24A Sector 16A,
_bNoida
_e201301
300 1 _a268p.:
_c23cm (pbk)
_bill
650 0 _922448
651 _922481
700 _922431
_aFoden, Giles
942 _2ddc
_cEN
_mMAD
_hS
999 _c48293
_d48293